| 000 | 01004nam a22003017i 4500 | ||
|---|---|---|---|
| 003 | DO-SdBNP | ||
| 005 | 20250411122703.0 | ||
| 007 | ta | ||
| 008 | 220627b2001 dr ||||| |||| 00| 0 spa d | ||
| 020 | _a9993449016 | ||
| 040 |
_aDO-SdBNP _bspa _cDO-SdBNP _erda |
||
| 041 | _aspa | ||
| 082 | 4 |
_aRD863.44 _bP426c _222 |
|
| 100 | 1 |
_aPeralta Romero, Rafael, _d1948- _eautor _4aut. _979774 |
|
| 245 | 1 | 0 |
_aCuentos de visiones y delirios / _cRafael Peralta Romero. |
| 250 | _aPrimera edición | ||
| 264 | 4 |
_aSanto Domingo, República Dominicana : _bEditorial Gente, _c©2001. |
|
| 300 |
_a129 páginas ; _c22 cm. |
||
| 336 |
_atexto _btxt _2rdacontent |
||
| 337 |
_asin mediación _bn _2rdamedia |
||
| 338 |
_avolumen _bnc _2rdacarrier |
||
| 500 | _aIncluye datos biográficos del autor en la solapa de la cubierta | ||
| 590 | _aInventariado, 2022/BT | ||
| 650 | 0 |
_aCuentos dominicanos _9176 |
|
| 650 | 0 |
_aLiteratura dominicana. _967 |
|
| 910 | _aVMateo.Validado. Control de calidad MFF | ||
| 942 |
_2ddc _cLBS1 |
||
| 999 |
_c52114 _d52114 |
||